| 000 -ლიდერი |
| ფიქსირებული სიგრძის საკონტროლო ველი |
01571nam a2200301Ia 4500 |
| 001 - საკონტროლო ნომერი |
| საკონტროლო ველი |
22128 |
| 003 - საკონტროლო ნომრის იდენტიფიკატორი |
| საკონტროლო ველი |
GE_BSU |
| 005 - ბოლო ოპერაციის თარიღი და დრო |
| საკონტროლო ველი |
20221114163338.0 |
| 008 - ფიქსირებული სიგრძის მონაცემთა ელემენტები - ზოგადი ინფორმაცია |
| ფიქსირებული სიგრძის საკონტროლო ველი |
181216s ||||ge |||||||||||||| ||geo|| |
| 020 ## - წიგნის საერთაშორისო სტანდარტული ნომერი |
| International Standard Book Number |
9789941213106 |
| 040 ## - კატალოგიზაციის წყარო |
| Transcribing agency |
GE_BSU |
| 041 ## - ენის კოდი |
| Language code of text/sound track or separate title |
geo |
| 080 ## - უნივერსალური ათობითი კლასიფიკაციის ინდექსი |
| Universal Decimal Classification number |
338.22(73)(092)+004.42 მ-32 |
| 245 ## - ცნობა სათაურის შესახებ |
| Title |
მარკ ცუკერბერგი : |
| Remainder of title |
[Facebook-ის დამფუძნებელი] ბიზნესის გენია ტ.2 / |
| Statement of responsibility, etc |
შემდგ. ირმა ხარშილაძე ; მთ. რედ. ნინო დეკანოსიძე. |
| 264 ## - წარმოების, გამოცემის, დისტრიბუციის და სხვა ცნობები |
| გამოცემის, წარმოების, დისტრიბუციის... ადგილი |
თბილისი : |
| გამოცემის, წარმოების, დისტრიბუციის... სახელწოდება |
პალიტრა L, |
| გამოცემის, წარმოების, დისტრიბუციის... თარიღი |
2013. |
| 300 ## - ფიზიკური აღწერა |
| Extent |
72 გვ. : |
| Other physical details |
ფოტ. ; |
| Dimensions |
20 სმ. |
| 490 ## - სერიის ცნობა |
| Series statement |
სერია "ბიზნესის გენია" 2298-0989 ტ. 2 |
| 653 ## - INDEX TERM--UNCONTROLLED |
| Uncontrolled term |
ამერიკელი ბიზნესმენები |
| 653 ## - INDEX TERM--UNCONTROLLED |
| Uncontrolled term |
ამერიკელი პროგრამისტები |
| 653 ## - INDEX TERM--UNCONTROLLED |
| Uncontrolled term |
კომპიუტერული პროგრამები |
| 653 ## - INDEX TERM--UNCONTROLLED |
| Uncontrolled term |
ეკონომიკა |
| 653 ## - INDEX TERM--UNCONTROLLED |
| Uncontrolled term |
კომპიუტერული ტექნოლოგიები |
| 653 ## - INDEX TERM--UNCONTROLLED |
| Uncontrolled term |
მარკ ცუკერბერგი : [Facebook-ის დამფუძნებელი] ბიზნესის გენია ტ.2 |
| 700 ## - ADDED ENTRY--PERSONAL NAME |
| Personal name |
ხარშილაძე, ირმა |
| Relator term |
შემდგენელი |
| 9 (RLIN) |
1324 |
| 700 ## - ADDED ENTRY--PERSONAL NAME |
| Personal name |
დეკანოსიძე, ნინო |
| 9 (RLIN) |
15790 |
| 942 ## - ADDED ENTRY ELEMENTS (KOHA) |
| Koha item type |
წიგნი |
| Source of classification or shelving scheme |
|